Détours en France [ 270 ]
<< Retourner aux résultats de la recherche
| Titre : | Détours en France [ 270 ] |
|---|---|
| Support : | Livres |
| Langue : | Francais |
| Publié : |
Uni-médias |
| Genre : |
Revues et magazines |
| Sujets : | |
| Étiquettes : |
Pas de tags
|
| LEADER | 00765nas0a2200229 450 | ||
|---|---|---|---|
| 001 | 16867795 | ||
| 011 | |b Br. |d 6,7 | ||
| 100 | |a 20260306d2026 u u0frey01 ba | ||
| 101 | 0 | |a fre | |
| 102 | |a FR | ||
| 110 | 0 | |a auu 0uu0 | |
| 200 | 0 | |a Détours en France [ 270 ] |f Dominique Roger | |
| 207 | 1 | |a 270 | |
| 210 | |c Uni-médias | ||
| 464 | |a Normandie, une terre d'impressions | ||
| 464 | |a Le Perche, et si le bonheur était dans le pré? | ||
| 464 | |a Côte d'Albâtre, les secrets de la "grande muraille" | ||
| 464 | |a Visites guidées et bonnes adresses: Caen, Dieppe, Le Havre, Rouen | ||
| 676 | |a 070.17 | ||
| 900 | |a Revues et magazines | ||
| 901 | |a Adultes | ||
| 995 | |a Médiathèque |c Médiathèque |f 089021768 |h 089021768 |k 070.17 DET 270 |o p |q a |r az |e Médiathèque | ||